Prototipo de aplicación móvil android para la localización de vehículos con reporte de robo, hurto o estafa en Guatemala / (Registro nro. 2459)

Detalles MARC
000 -LEADER
campo de control de longitud fija 02459nam a22003857a 4500
001 - NÚMERO DE CONTROL
campo de control 42835
003 - IDENTIFICADOR DE NÚMERO DE CONTROL
campo de control gtgccic
005 - FECHA Y HORA DE LA ÚLTIMA TRANSACCIÓN
campo de control 20251028110459.0
007 - CAMPO FIJO DE DESCRIPCIÓN FÍSICA--INFORMACIÓN GENERAL
campo de control de longitud fija ta
008 - DATOS DE LONGITUD FIJA--INFORMACIÓN GENERAL
campo de control de longitud fija 251028b gt ||||| |||| 00| 0 spa d
040 ## - FUENTE DE CATALOGACIÓN
Centro catalogador/agencia de origen gtgccic
Lengua de catalogación spa
Centro/agencia transcriptor gtgccic
Normas de descripción rda
084 ## - OTRO NÚMERO DE CLASIFICACIÓN
Número de control del registro de autoridad o número normalizado TPI-15-0089
100 10 - ENTRADA PRINCIPAL--NOMBRE DE PERSONA
Nombre de persona Michael Antony Colindres Hernández
Fechas asociadas al nombre Ingeniero en Ciencias y Sistemas
Término indicativo de función/relación autor
245 10 - MENCIÓN DEL TÍTULO
Título Prototipo de aplicación móvil android para la localización de vehículos con reporte de robo, hurto o estafa en Guatemala /
Mención de responsabilidad, etc. Colíndres Hernández, Michael Antony
264 #1 - PRODUCCIÓN, PUBLICACIÓN, DISTRIBUCIÓN, FABRICACIÓN Y COPYRIGHT
Producción, publicación, distribución, fabricación y copyright Guatemala, Guatemala :
Nombre del de productor, editor, distribuidor, fabricante USAC, Facultad de Ingeniería ;
Fecha de producción, publicación, distribución, fabricación o copyright 2015.-
300 ## - DESCRIPCIÓN FÍSICA
Extensión xxxii, 78 p. :
Otras características físicas il. ;
Dimensiones 27 cm
336 ## - TIPO DE CONTENIDO
Fuente rdacontenido
Término de tipo de contenido Texto
Código de tipo de contenido txt
337 ## - TIPO DE MEDIO
Fuente rdamedio
Nombre/término del tipo de medio sin mediación
Código del tipo de medio n
338 ## - TIPO DE SOPORTE
Fuente rdasoporte
Nombre/término del tipo de soporte volumen
Código del tipo de soporte nc
502 ## - NOTA DE TESIS
Nota de tesis Tesis Postgrado
Tipo de título MAESTRO EN TECNOLOGÍAS DE LA INFORMACIÓN Y LA COMUNICACIÓN
Nombre de la institución que otorga el título USAC, Facultad de Ingeniería, Escuela de Postgrado
Año de obtención del título 2015
Identificador de la tesis TPI-15-89
504 ## - NOTA DE BIBLIOGRAFÍA, ETC.
Nota de bibliografía, etc. Nota Bibliografía pag. 61
505 ## - NOTA DE CONTENIDO CON FORMATO
Título 1. ANTECEDENTES
505 ## - NOTA DE CONTENIDO CON FORMATO
Título 2. JUSTIFICACIÓN
505 ## - NOTA DE CONTENIDO CON FORMATO
Título 3. ALCANCES
505 ## - NOTA DE CONTENIDO CON FORMATO
Título 4. MARCO TEÓRICO
505 ## - NOTA DE CONTENIDO CON FORMATO
Título 5. PRESENTACIÓN DE RESULTADOS
505 ## - NOTA DE CONTENIDO CON FORMATO
Título 6. DISCUSIÓN DE RESULTADOS
520 #3 - RESUMEN, ETC.
Sumario, etc. Los bajos índices de recuperación de vehículos con reporte de robo, hurto o estafa en Guatemala, se ven reflejados en el departamento de Chimaltenango, en el 2013 se registraron 216 casos entre robo, hurto o estafa de automóviles y se recuperaron apenas 36, es por ello que el robo, hurto o estafa es el principal motivo por el cual se desarrolló el prototipo de aplicación móvil para la detección y reconocimiento de placas de vehículos llamado DVRGT (Detector de Vehículos Robados en Guatemala).<br/>El prototipo desarrollado cubre: la falta de herramientas alternativas de bajo costo para detección de vehículos con reporte de robo, hurto o estafa en Guatemala, el prototió de aplicación móvil provee de una herramienta para verificar el estado de los vehículos detectados. En el 2015, los servicios de localización de vehículos hacen uso de sistemas de posicionamiento global, siendo el más efectivo para la localización, pero dicho servicio tiene un costo elevado, y no están al alcance de la economía de las familias promedio.
650 ## - PUNTO DE ACCESO ADICIONAL DE MATERIA--TÉRMINO DE MATERIA
Término de materia o nombre geográfico como elemento de entrada VEHÍCULOS
650 ## - PUNTO DE ACCESO ADICIONAL DE MATERIA--TÉRMINO DE MATERIA
Término de materia o nombre geográfico como elemento de entrada HURTO
650 ## - PUNTO DE ACCESO ADICIONAL DE MATERIA--TÉRMINO DE MATERIA
Término de materia o nombre geográfico como elemento de entrada ROBO
700 ## - ENTRADA AGREGADA--NOMBRE PERSONAL
Nombre de persona Inga. Ms. Xiomara Cabrera de Anzueto
Término indicativo de función/relación asesor
942 ## - ELEMENTOS DE ENTRADA SECUNDARIOS (KOHA)
Fuente de la clasificación o esquema de estantería Clasificación Decimal Dewey
Tipo de ítem Koha TESISPOSTGRADO
945 ## - PROCESAMIENTO DE INFORMACIÓN LOCAL (OCLC)
a amlo
Existencias
Estatus retirado Estado de pérdida Fuente de la clasificación o esquema de estantería Estado de daño No para préstamo Biblioteca de origen Biblioteca actual Fecha de adquisición Número de inventario Total de préstamos Signatura topográfica completa Código de barras Visto por última vez Precio de reemplazo Tipo de ítem Koha Nota pública
    Clasificación Decimal Dewey     CENTRO DE INFORMACIÓN A LA CONSTRUCCIÓN-CICON CENTRO DE INFORMACIÓN A LA CONSTRUCCIÓN-CICON 28/10/2025 P20150089   TPI-15-0089 20150089 28/10/2025 28/10/2025 TESISPOSTGRADO disponible